<?xml version='1.0' encoding='UTF-8'?>
  <record xmlns="http://www.loc.gov/MARC21/slim">
    <leader>00000cam a22000007i 4500</leader>
    <controlfield tag="001">ocn700754052</controlfield>
    <controlfield tag="003">OCoLC</controlfield>
    <controlfield tag="005">20250215190931.6</controlfield>
    <controlfield tag="008">110205s1516    it            000 0 lat d</controlfield>
    <datafield tag="040" ind1=" " ind2=" ">
      <subfield code="a">NLGGC</subfield>
      <subfield code="b">dut</subfield>
      <subfield code="e">fobidrtb</subfield>
      <subfield code="c">NLGGC</subfield>
      <subfield code="d">QGJ</subfield>
      <subfield code="d">OCLCL</subfield>
      <subfield code="d">OCLCQ</subfield>
    </datafield>
    <datafield tag="029" ind1="0" ind2=" ">
      <subfield code="a">NLGGC</subfield>
      <subfield code="b">331751879</subfield>
    </datafield>
    <datafield tag="035" ind1=" " ind2=" ">
      <subfield code="a">(OCoLC)700754052</subfield>
    </datafield>
    <datafield tag="100" ind1="1" ind2=" ">
      <subfield code="a">Arcimboldi, Giovannangelo.</subfield>
    </datafield>
    <datafield tag="245" ind1="1" ind2="0">
      <subfield code="a">Johannes Angelus Arcimboldus, juris utriusque doctor, prepositus de Arcisate, sedis apostolice prothonotarius ac sanctissimi in Christo patris et domini nostri domini Leonis divina providentia, pape decimi referendarius, necnon in Coloniensi, Treverensi, Saltzburgensi, Bremensi, Bisuntinensi et Upsalensi provinciis ... pro fabrice Basilice principis apostolorum de urbe nuncius et commissarius :</subfield>
      <subfield code="b">sincere devotionis affectus, quem ad Romanam ecclesiam ac sedem apostolicam.</subfield>
    </datafield>
    <datafield tag="246" ind1="3" ind2=" ">
      <subfield code="a">Sincere devotionis affectus, quem ad Romanam ecclesiam ac sedem apostolicam</subfield>
    </datafield>
    <datafield tag="260" ind1=" " ind2=" ">
      <subfield code="a">[S.l.] :</subfield>
      <subfield code="b">[s.n.],</subfield>
      <subfield code="c">1516.</subfield>
    </datafield>
    <datafield tag="300" ind1=" " ind2=" ">
      <subfield code="a">[1] p. ;</subfield>
      <subfield code="c">13 x 30 cm.</subfield>
    </datafield>
    <datafield tag="336" ind1=" " ind2=" ">
      <subfield code="a">tekst</subfield>
      <subfield code="b">txt</subfield>
      <subfield code="2">rdacontent/dut</subfield>
    </datafield>
    <datafield tag="337" ind1=" " ind2=" ">
      <subfield code="a">zonder medium</subfield>
      <subfield code="b">n</subfield>
      <subfield code="2">rdamedia/dut</subfield>
    </datafield>
    <datafield tag="338" ind1=" " ind2=" ">
      <subfield code="a">vel</subfield>
      <subfield code="b">nb</subfield>
      <subfield code="2">rdacarrier/dut</subfield>
    </datafield>
    <datafield tag="500" ind1=" " ind2=" ">
      <subfield code="a">Formulier van bullen in het begin van de 16de eeuw te Antwerpen verhandeld ten bate van de bouw van de Sint-Pieterskerk te Rome.</subfield>
    </datafield>
    <datafield tag="500" ind1=" " ind2=" ">
      <subfield code="a">Gedrukt op perkament, waarschijnlijk te Rome.</subfield>
    </datafield>
    <datafield tag="500" ind1=" " ind2=" ">
      <subfield code="a">Voor transcriptie en toelichting zie: Kronijk van het Historisch Genootschap, gevestigd te Utrecht, jg. 8 (1852), p. 328-330.</subfield>
    </datafield>
    <datafield tag="758" ind1=" " ind2=" ">
      <subfield code="a">Johannes Angelus Arcimboldus, juris utriusque doctor, prepositus de Arcisate, sedis apostolice prothonotarius ac sanctissimi in Christo patris et domini nostri domini Leonis divina providentia, pape decimi referendarius, necnon in Coloniensi, Treverensi, Saltzburgensi, Bremensi, Bisuntinensi et Upsalensi provinciis ... pro fabrice Basilice principis apostolorum de urbe nuncius et commissarius (Text)</subfield>
      <subfield code="1">https://id.oclc.org/worldcat/entity/E39PCYTTMXTrcc3gV9TdV8Q3Xq</subfield>
      <subfield code="4">https://id.oclc.org/worldcat/ontology/hasWork</subfield>
    </datafield>
    <datafield tag="936" ind1=" " ind2=" ">
      <subfield code="a">BATCHLOAD</subfield>
    </datafield>
  </record>